000 00966nam a22002297a 4500
005 20170124103155.0
010 _aB-168941
020 _c150.00
035 _aB-168941
037 _bCen Lib/Ret
040 _aDPL
_bHN
082 _a640.4
_bशर्माक
100 _aशर्मा, कर्मचंद
_989347
245 _aस्वयं अपनाएं तथा औरों को भी बताएं /
_cकर्मचंद शर्मा
246 _aSawam apnane tatha auron ko bhi batayen /
_bby Karamchand Sharma
260 _aदिल्ली
_bहिमाचल बुक्स
_c2005
270 _b दिल्ली
_aई,1/267, सोनिया विहार
_e110094
300 _a88पृ. :
_c20सेमी(सजिल्द)
_bसचित्र
650 _aगृह विज्ञान
_94735
650 _ahome Science
_989348
942 _2ddc
_cHN
_h640.4
_mशर्माक
999 _c120252
_d120252